000
00339 a2200169 4500
001
187609
020
_a
85-04-00983-1
040
_c
Magnum
100
_a
Roberts, David
240
1
0
_a
Sujo, eu?!
_l
por
245
1
0
_a
Sujo, eu?!
300
_a
32
362
0
_a
2006
440
1
_a
Nacional
697
_a
LITERATURA INFANTIL
942
_c
BK
999
_c
187609
_d
187609